000 00624nam a22001817a 4500
003 UA-OsUOA
001 14917
007 ta
008 20031025b un ||||| |||| 00| 0 ukr d
100 _aСич Т.
942 _cSA
040 _aUA-OsUOA
_cUA-OsUOA
_dUA-OsUOA
245 _aІ лине її чарівний голос: [Про юну талановиту співачку, студентку Сарнен. педколеджу, Юлю Щур]
300 _aС.3
955 _a0
773 0 _w0
_tСарненські новини
_dСарни
_d2003
_g№76/ 5 серп./
650 7 _aКраєзнавча робота
_2UDC
999 _c301082
_d301082